| 000 | 00980cad a22001935a 4500 | ||
|---|---|---|---|
| 001 | L152149 | ||
| 008 | 110203s2011 xxk f 000 0 eng d | ||
| 035 | _a(Sirsi) u152149 | ||
| 041 | 0 | _aeng | |
| 110 | 2 |
_aUnited Kingdom _bDepartment for Communities and Local Government _94939 |
|
| 245 | 0 | 0 |
_aTop industry figures launch plans to free up self-builders _h[electronic resource] |
| 260 |
_aLondon _bCLG $2 011 |
||
| 520 | _aGovernment ministers have met with self build industry leaders to launch a powerful new group to advise them on how to cut the red tape and regulations that are stopping aspiring self-builders from realising their ambitions; the working group includes an RICS member. | ||
| 590 | _aKA NTK | ||
| 651 | 4 |
_aUnited Kingdom _y |
|
| 690 | _aBUILT ENVIRONMENT-CONSTRUCTION MANAGEMENT-CONSTRUCTION DESIGN AND MANAGEMENT | ||
| 856 | 4 | 0 |
_uhttps://www.communities.gov.uk/newsstories/housing/1833646 _zView this item free of charge at communities.gov.uk |
| 942 | _n0 | ||
| 999 |
_c111893 _d111893 |
||